|
|
|
|
| LEADER |
00659cam a2200229 7i4500 |
| 001 |
0000036846 |
| 005 |
20220413090000.0 |
| 007 |
ta |
| 008 |
220303s2017 may |
| 020 |
|
|
|a 9789672102267
|
| 040 |
|
|
|a MATR
|
| 090 |
0 |
0 |
|a FM 899.2333
|b RIS
|
| 100 |
0 |
|
|a Rissa Ahdiya
|
| 245 |
1 |
0 |
|a Tulis Nama Atas Batu
|c Rissa Ahdiya.
|
| 264 |
|
0 |
|a Selangor:
|b Penulisan Enterprise,
|c 2017.
|
| 300 |
|
|
|a 551 pages;
|c 19 cm.
|
| 336 |
|
|
|a text
|2 rdacontent
|
| 337 |
|
|
|a unmediated
|2 rdamedia
|
| 338 |
|
|
|a volume
|2 rdacarrier
|
| 650 |
0 |
0 |
|a Malay fiction
|
| 650 |
0 |
0 |
|a Malaysian fiction (Malay)
|
| 999 |
|
|
|a 0000041722
|b Book
|c Book
|e Business Information Centre
|